| 000 | 01270nam a22003617a 4500 | ||
|---|---|---|---|
| 001 | 0006923 | ||
| 003 | KOHA_MİRAKIL | ||
| 005 | 20260207001539.0 | ||
| 007 | ta | ||
| 008 | 090827b2001 tu |||gro|||#1|||0|tur | | ||
| 020 |
_a9753632037 _q(tk) 9753632088 _qc.5 |
||
| 040 |
_aTR-BiSEU _btur _cTR-BiSEU _erda |
||
| 041 | 0 | _atur | |
| 044 | _ctu | ||
| 050 |
_aD643.T87 _bL38 2001 |
||
| 111 | 2 |
_aLozan Barış Konferansı (1923 : İsviçre) _917095 |
|
| 245 | 1 |
_aLozan Barış Konferansı : _btutanaklar belgeler : _b1 Şubat - 22 Nisan 1923 görüşmelerine ilişkin belgeler/ _cçeviren Seha L. Meray. |
|
| 264 | 1 |
_aİstanbul : _bYapı Kredi Yayınları _c2001 |
|
| 300 | _a8 c.; 25 cm. | ||
| 336 |
_ametin _btxt _2rdacontent |
||
| 337 |
_aaracısız _bn _2rdamedia |
||
| 338 |
_acilt _bnc _2rdacarrier |
||
| 490 | 0 | _aYapı Kredi Yayınları | |
| 500 | _aDizin var. | ||
| 500 | _aSetle birlikte 5 adet hatita vardır. | ||
| 650 | 0 |
_aLausanne, Treaty of July 24, 1923 (Turkey). _917096 |
|
| 650 | 0 |
_aTurkey--Foreign relations--Treaties. _910548 |
|
| 650 | 0 |
_aLozan Konferansı, 24 Temmuz 1923 (Türkiye). _917097 |
|
| 650 | 0 |
_aTürkiye--Dış ilişkiler--Anlaşmalar. _917098 |
|
| 830 | 0 |
_aYapı Kredi Yayınları _97873 |
|
| 907 | _aKonferans | ||
| 942 |
_2lcc _cBK |
||
| 999 |
_c6904 _d6904 |
||